Exploring digital prepress

Bibliographic Details
Main Author: Anderson, Reid
Format: Book
Published: Clifton Park , NY. : Thomson Delmar Learning , 2007
Series:Design exploration series
Subjects:

MARC

LEADER 00000cam a2200000 7i4500
001 0000019647
005 20071031.0
020 |a 141801236X 
040 |a INS 
090 0 0 |a Z249.A54 2007 
100 1 |a Anderson, Reid 
245 1 0 |a Exploring digital prepress   |c Reid Anderson 
260 |a Clifton Park , NY. :   |b Thomson Delmar Learning ,   |c 2007 
300 |a xiii, 350 p., 16 p. of plates :   |b ill.(some col.), pic., col. ;   |c 25 cm + cd. 
440 0 |a Design exploration series 
500 |a Includes index 
650 0 0 |a Digital printing presses 
650 0 0 |a Electronics in printing 
650 0 0 |a Printing   |z United States   |x Data processing 
999 |a 0000018819   |b BOOK   |c Open Shelf   |e Default branch